The cherry orchard , and other plays (Record no. 573031)

000 -LEADER
fixed length control field 00471nam a22001817a 4500
003 - CONTROL NUMBER IDENTIFIER
control field CEME
005 - DATE AND TIME OF LATEST TRANSACTION
control field 20210628203312.0
008 - FIXED-LENGTH DATA ELEMENTS--GENERAL INFORMATION
fixed length control field 210121b xxu||||| |||| 00| 0 eng d
020 ## - INTERNATIONAL STANDARD BOOK NUMBER
International Standard Book Number 81-307-0605-9
040 ## - CATALOGING SOURCE
Transcribing agency ceme
082 ## - DEWEY DECIMAL CLASSIFICATION NUMBER
Classification number 822.409 CHE
100 ## - MAIN ENTRY--PERSONAL NAME
Personal name Chekhov, Anton
9 (RLIN) 319
245 ## - TITLE STATEMENT
Title The cherry orchard , and other plays
260 ## - PUBLICATION, DISTRIBUTION, ETC.
Place of publication, distribution, etc. NEW DELHI
Name of publisher, distributor, etc. COSMO PUBLICATIONS
Date of publication, distribution, etc. 2007
300 ## - PHYSICAL DESCRIPTION
Extent 173 P
650 ## - SUBJECT ADDED ENTRY--TOPICAL TERM
Topical term or geographic name entry element THE CHERRY ORCHARD PLAYS.
9 (RLIN) 64586
942 ## - ADDED ENTRY ELEMENTS (KOHA)
Koha item type Book
Source of classification or shelving scheme
Holdings
Withdrawn status Lost status Damaged status Not for loan Permanent Location Current Location Shelving location Date acquired Total Checkouts Full call number Barcode Date last seen Price effective from Koha item type Source of classification or shelving scheme Shelving control number Public note
        College of Electrical & Mechanical Engineering (CEME) College of Electrical & Mechanical Engineering (CEME) General Stacks 07/26/2017   822.409 CHE CEME-42785 06/28/2021 06/28/2021 Book      
        College of Electrical & Mechanical Engineering (CEME) College of Electrical & Mechanical Engineering (CEME) Fiction 07/26/2017   822.409 CHE CEME-42785-A 06/28/2021 06/28/2021 Book   English Literature CART-4
© 2023 Central Library, National University of Sciences and Technology. All Rights Reserved.